[Event "Alzira op 12th"]
[Site "Alzira"]
[Date "2022.12.30"]
[Round "7"]
[White "Medina Cordero, Angel"]
[Black "Pla Richart, Olau"]
[Result "1-0"]
[WhiteElo "1888"]
[BlackElo "1357"]
[PlyCount "45"]
[EventDate "2022.12.27"]
[EventType "swiss"]
[EventRounds "8"]
[EventCountry "ESP"]
[SourceTitle "CBM 212 Extra"]
[Source "ChessBase"]
[SourceDate "2023.03.31"]
[SourceVersion "1"]
[SourceVersionDate "2023.03.31"]
[SourceQuality "1"]

1. e4 e6 2. b3 d5 3. Nc3 Nf6 4. e5 Nfd7 5. f4 c5 6. Nf3 Nc6 7. Bb2 a6 8. a3 Be7 9. Bd3 Nb6 10. 0-0 0-0 11. Qe1 c4 12. Be2 cxb3 13. cxb3 Na5 14. Bd1 Bd7 15. Qg3 Rc8 16. Kh1 f5 17. a4 Nc6 18. Ne2 Be8 19. Qh3 Qc7 20. Rc1 Qb8 21. g4 fxg4 22. Qxg4 Bg6 23. Qxe6+ 1-0

[Event "Alzira U2200 op 9th"]
[Site "Alzira"]
[Date "2019.12.27"]
[Round "2.8"]
[White "Pastor Pons, Josep Antoni"]
[Black "Medina Cordero, Angel"]
[Result "0-1"]
[WhiteElo "1004"]
[BlackElo "1818"]
[PlyCount "84"]
[EventDate "2019.12.27"]
[EventType "swiss"]
[EventRounds "8"]
[EventCountry "ESP"]
[SourceTitle "EXT 2024"]
[Source "ChessBase"]
[SourceDate "2023.10.10"]
[SourceVersion "1"]
[SourceVersionDate "2023.10.10"]
[SourceQuality "1"]

1. e4 e6 2. Nf3 d5 3. exd5 exd5 4. d4 Bd6 5. h3 Ne7 6. Bd3 Nbc6 7. c3 Bf5 8. 0-0 Qd7 9. Bg5 f6 10. Bh4 0-0-0 11. Re1 g5 12. Bg3 Bxg3 13. fxg3 Bxd3 14. Qxd3 g4 15. hxg4 Qxg4 16. Nh2 Qg7 17. Nd2 Rdg8 18. Ndf1 h5 19. b4 h4 20. Re3 f5 21. Rf3 Rh5 22. Re1 Rg5 23. g4 fxg4 24. Rf4 Rf8 25. Rxf8+ Qxf8 26. Ne3 g3 27. Nf3 h3 28. Rf1 hxg2 29. Kxg2 Rg8 30. Qe2 Qd8 31. Rh1 Ng6 32. Qc2 Nf4+ 33. Kg1 Ne7 34. Nf5 Neg6 35. Rh7 Kb8 36. Ne3 c6 37. c4 Qf8 38. cxd5 Nxd5 39. Qe2 Ngf4 40. Qe1 Nd3 41. Ne5 Qf2+ 42. Qxf2 gxf2+ 0-1

[Event "Almansa op-B 12th"]
[Site "Almansa"]
[Date "2017.08.03"]
[Round "4"]
[White "Castillo Garcia, Adrian"]
[Black "Medina Cordero, Angel"]
[Result "1-0"]
[WhiteElo "1967"]
[BlackElo "1788"]
[PlyCount "113"]
[EventDate "2017.08.01"]
[EventType "swiss"]
[EventRounds "9"]
[EventCountry "ESP"]
[SourceTitle "EXT 2019"]
[Source "ChessBase"]
[SourceDate "2018.10.10"]
[SourceVersion "1"]
[SourceVersionDate "2018.10.10"]
[SourceQuality "1"]

1. c4 e6 2. Nc3 f5 3. g3 Nf6 4. Bg2 Be7 5. Nf3 0-0 6. a3 d6 7. b4 Qe8 8. d3 Nc6 9. 0-0 Qh5 10. d4 Ne4 11. Nb5 Bd8 12. d5 exd5 13. cxd5 Ne7 14. Nd2 a6 15. Nxe4 axb5 16. Nc3 Bd7 17. Qd3 Qe8 18. Bb2 Ng6 19. f4 Bf6 20. Rae1 Rf7 21. Qd2 Re7 22. e4 Qf7 23. exf5 Bxc3 24. Qxc3 Bxf5 25. Rxe7 Qxe7 26. Re1 Qf7 27. h3 Rc8 28. Qd4 Nf8 29. Kh2 h6 30. Bf1 Bd7 31. Bd3 Nh7 32. Qe4 Nf6 33. Bxf6 gxf6 34. Qd4 Kg7 35. g4 c5 36. dxc6 Rxc6 37. Qe4 Kf8 38. Bxb5 d5 39. Qd4 Rc2+ 40. Re2 Rxe2+ 41. Bxe2 Qe7 42. Bd3 Be6 43. a4 Kg7 44. b5 Bf7 45. a5 Qe1 46. a6 bxa6 47. bxa6 h5 48. g5 h4 49. Qxf6+ Kf8 50. Qh8+ Bg8 51. Qh6+ Ke8 52. Bb5+ Kd8 53. Qf8+ Kc7 54. Qc5+ Kd8 55. Qd6+ Kc8 56. Bd7+ Kd8 57. Bc6+ 1-0

[Event "Almansa op-B"]
[Site "Almansa"]
[Date "2014.08.10"]
[Round "9"]
[White "Medina Cordero, Angel"]
[Black "Nadal Fajardo, Ricard"]
[Result "1/2-1/2"]
[WhiteElo "1862"]
[BlackElo "1941"]
[PlyCount "25"]
[EventDate "2014.08.05"]
[EventType "swiss"]
[EventRounds "9"]
[EventCountry "ESP"]
[SourceTitle "EXT 2019"]
[Source "ChessBase"]
[SourceDate "2018.10.10"]
[SourceVersion "1"]
[SourceVersionDate "2018.10.10"]
[SourceQuality "1"]

1. e4 c6 2. d4 d5 3. e5 Bf5 4. Bd3 Bxd3 5. Qxd3 Qa5+ 6. Bd2 Qa6 7. Qf5 e6 8. Qg4 Nd7 9. Ne2 c5 10. Nbc3 cxd4 11. Qxd4 Ne7 12. Bf4 Nf5 13. Qd3 1/2-1/2

[Event "Almansa op-B 5th"]
[Site "Almansa"]
[Date "2010.08.10"]
[Round "3.5"]
[White "Remolar Gallen, Jose"]
[Black "Medina Cordero, Angel"]
[Result "1-0"]
[WhiteElo "1983"]
[BlackElo "1888"]
[PlyCount "61"]
[EventDate "2010.08.09"]
[EventType "swiss"]
[EventRounds "9"]
[EventCountry "ESP"]
[SourceTitle "EXT 2024"]
[Source "ChessBase"]
[SourceDate "2023.10.10"]
[SourceVersion "1"]
[SourceVersionDate "2023.10.10"]
[SourceQuality "1"]

1. d4 e6 2. e3 b6 3. f4 Bb7 4. Nf3 Nf6 5. Bd3 d5 6. 0-0 Be7 7. Nbd2 Nbd7 8. Ne5 a6 9. Qf3 c5 10. c3 Nf8 11. g4 N6d7 12. f5 Nxe5 13. dxe5 f6 14. e4 d4 15. Bc4 Qd7 16. fxe6 Nxe6 17. Qf5 dxc3 18. bxc3 Nc7 19. Bf7+ Kd8 20. Nc4 Qd3 21. Nb2 g6 22. Qf4 Qe2 23. exf6 Bf8 24. Rd1+ Kc8 25. Qxc7+ Kxc7 26. Bf4+ Kc6 27. Bd5+ Kb5 28. a4+ Ka5 29. Nc4+ Qxc4 30. Bxc4 Bxe4 31. Re1 1-0

[Event "Valencia Autonomico Sur-A"]
[Site "Valencia"]
[Date "2009.02.07"]
[Round "5.3"]
[White "Cantero Navarro, Antonio"]
[Black "Medina Cordero, Angel"]
[Result "1-0"]
[WhiteElo "2252"]
[BlackElo "1934"]
[PlyCount "79"]
[EventDate "2009.01.10"]
[EventType "team-tourn"]
[EventRounds "5"]
[EventCountry "ESP"]
[SourceTitle "EXT 2011"]
[Source "ChessBase"]
[SourceDate "2010.11.26"]
[SourceVersion "1"]
[SourceVersionDate "2010.11.26"]
[SourceQuality "1"]

1. e4 d6 2. d4 Nf6 3. Nc3 g6 4. Bg5 Bg7 5. f4 c6 6. Qd2 Be6 7. Nf3 a5 8. Be2 Na6 9. 0-0 Nc7 10. Rae1 0-0 11. Bd3 b5 12. f5 Bc4 13. Bh6 Bxd3 14. cxd3 e5 15. Kh1 Qe7 16. Ne2 Nd7 17. Ng3 f6 18. Be3 exd4 19. Nxd4 Ne5 20. Bf4 c5 21. Nf3 Rfd8 22. Rc1 b4 23. d4 Nxf3 24. gxf3 Nb5 25. d5 a4 26. Rg1 Kf7 27. Qg2 g5 28. Be3 a3 29. b3 h6 30. Nh5 Nc3 31. Nf4 Ke8 32. Ne6 Kd7 33. Qf1 Rdb8 34. Rc2 Bf8 35. h4 Qf7 36. Rh2 Be7 37. hxg5 hxg5 38. Rgg2 Rg8 39. Bd2 Nxa2 40. Qb5+ 1-0

[Event "Valencia Autonomico Sur-A"]
[Site "Valencia"]
[Date "2009.01.31"]
[Round "4.3"]
[White "Medina Cordero, Angel"]
[Black "Davo Torres, Enrique"]
[Result "1-0"]
[WhiteElo "1934"]
[BlackElo "2028"]
[PlyCount "105"]
[EventDate "2009.01.10"]
[EventType "team-tourn"]
[EventRounds "5"]
[EventCountry "ESP"]
[SourceTitle "EXT 2011"]
[Source "ChessBase"]
[SourceDate "2010.11.26"]
[SourceVersion "1"]
[SourceVersionDate "2010.11.26"]
[SourceQuality "1"]

1. e4 d6 2. d4 g6 3. Bd3 Bg7 4. Ne2 Nd7 5. 0-0 c5 6. c3 Qb6 7. Nd2 cxd4 8. cxd4 a6 9. Nc4 Qd8 10. Bd2 Ngf6 11. Nf4 0-0 12. e5 dxe5 13. dxe5 Ne8 14. Qe2 Nc5 15. Ba5 Qd4 16. Bb6 Qxf4 17. Bxc5 Nc7 18. g3 Qg4 19. f3 Qe6 20. f4 b5 21. Na5 Bd7 22. b4 Nd5 23. Rac1 Rac8 24. Rfd1 Bc6 25. Nxc6 Qxc6 26. Be4 Rfd8 27. Rxd5 Rxd5 28. Be3 Qxc1+ 29. Bxc1 Rxc1+ 30. Kg2 Rd7 31. e6 Rd6 32. exf7+ Kxf7 33. h4 Rcd1 34. Qf3 R1d2+ 35. Kh3 Rb2 36. Bd5+ e6 37. Bb3 Rdd2 38. f5 Rh2+ 39. Kg4 h5+ 40. Kg5 Bf6+ 41. Kh6 gxf5 42. Qxf5 Rbe2 43. Qh7+ Kf8 44. Kg6 Ke8 45. Qf7+ Kd8 46. Qxf6+ Kd7 47. Kxh5 Rhf2 48. Qd4+ Ke7 49. g4 e5 50. Qc5+ Kd8 51. g5 e4 52. Be6 Rd2 53. g6 1-0